MARC details
| 000 -CABECERA |
| campo de control de longitud fija |
02498nam a2200349 4500 |
| 003 - IDENTIFICADOR DEL NÚMERO DE CONTROL |
| campo de control |
EC-UNACH |
| 005 - FECHA Y HORA DE LA ÚLTIMA TRANSACCIÓN |
| campo de control |
20260401120850.0 |
| 006 - CÓDIGOS DE INFORMACIÓN DE LONGITUD FIJA--CARACTERÍSTICAS DEL MATERIAL ADICIONAL |
| campo de control de longitud fija |
s||||gr|||| 00| 00 |
| 008 - DATOS DE LONGITUD FIJA--INFORMACIÓN GENERAL |
| campo de control de longitud fija |
150116t9999 mx r gr 000 0 spa d |
| 020 ## - NÚMERO INTERNACIONAL ESTÁNDAR DEL LIBRO |
| Número Internacional Estándar del Libro |
978-9942-584-01-4 |
| 040 ## - FUENTE DE LA CATALOGACIÓN |
| Centro catalogador/agencia de origen |
EC-UNACH |
| Centro/agencia transcriptor |
EC-UNACH |
| 041 ## - CÓDIGO DE LENGUA |
| Código de lengua del texto/banda sonora o título independiente |
spa |
| 082 04 - NÚMERO DE LA CLASIFICACIÓN DECIMAL DEWEY |
| Número de edición |
23 |
| Número de clasificación |
720 |
| Número de documento/Ítem |
L018617 |
| 100 ## - ENTRADA PRINCIPAL--NOMBRE DE PERSONA |
| Nombre de persona |
Reyes Mancero, Jorge Servando / Muy Cabrera, Nelson Ismael / Zumba Llango, Edwin Roberto / Rod Avecilla, Fredy |
| 245 ## - MENCIÓN DE TÍTULO |
| Título |
Evaluación arquitectónica del edificio ex Banco Popular (1968 - 2021) |
| 250 ## - MENCIÓN DE EDICIÓN |
| Mención de edición |
Primera edición |
| 264 ## - Producción, publicación, distribución, fabricación y copyright |
| Lugar de producción, publicación, distribución, fabricación |
Riobamba - Ecuador |
| Nombre del de productor, editor, distribuidor, fabricante |
Universidad Nacional de Chimborazo |
| Fecha de de producción, publicación, distribución, fabricación o copyright |
2025 |
| 264 ## - Producción, publicación, distribución, fabricación y copyright |
| Lugar de producción, publicación, distribución, fabricación |
Producción - Unach |
| 300 ## - DESCRIPCIÓN FÍSICA |
| Extensión |
236 páginas |
| Otras características físicas |
Fotografías |
| 501 ## - NOTA DE "CON" |
| Nota de “Con” |
En la actualidad, en lo que corresponde al territorio ecuatoriano, específicamente la ciudad de Riobamba, el entendimiento formal de un proyecto arquitectónico resulta complejo tanto para el ciudadano común como para especialistas y relacionados con la arquitectura. Con este antecedente, este libro propone fragmentar la pieza arquitectónica escogida, el ex Banco Popular, en porciones digeribles para cualquier persona que le interese el universo de este apasionante oficio. Señalan que, para entender el proyecto, es fundamental entrenar la capacidad de observar, como herramienta de reconocimiento de valores, atributos y criterios arquitectónicos. Previo al estudio del edificio, se exploró la ciudad de Riobamba con el fin de encontrar construcciones que evidencien ciertos rasgos del movimiento moderno, los cuales fueron aplicados en el análisis del edificio. Con este antecedente, se inició el levantamiento del edificio, en los diferentes momentos, los cuales fueron sometidos a un exhaustivo análisis según los siguientes parámetros: función, tecnología y forma. Este estudio busca valorar la arquitectura de la ciudad |
| 505 ## - NOTA DE CONTENIDO CON FORMATO |
| Nota de contenido con formato |
1. Introducción -- 2. Referentes del proyecto -- 3. El proyecto del Banco Popular Riobamba, 1968 |
| 650 ## - PUNTO DE ACCESO ADICIONAL DE MATERIA--TÉRMINO DE MATERIA |
| Término de materia o nombre geográfico como elemento inicial |
RECONSTRUCCIÓN |
| 650 ## - PUNTO DE ACCESO ADICIONAL DE MATERIA--TÉRMINO DE MATERIA |
| Término de materia o nombre geográfico como elemento inicial |
RECONOCIMIENTO VISUAL |
| 650 ## - PUNTO DE ACCESO ADICIONAL DE MATERIA--TÉRMINO DE MATERIA |
| Término de materia o nombre geográfico como elemento inicial |
ARQUITECTURA MODERNA |
| 650 ## - PUNTO DE ACCESO ADICIONAL DE MATERIA--TÉRMINO DE MATERIA |
| Término de materia o nombre geográfico como elemento inicial |
VIEGENCIA TEÓRICA |
| 650 ## - PUNTO DE ACCESO ADICIONAL DE MATERIA--TÉRMINO DE MATERIA |
| Término de materia o nombre geográfico como elemento inicial |
SABER ACUMULATIVO |
| 856 ## - LOCALIZACIÓN Y ACCESO ELECTRÓNICOS |
| Identificador Uniforme del Recurso |
<a href="https://editorial.unach.edu.ec/index.php/Editorial/catalog/book/271">https://editorial.unach.edu.ec/index.php/Editorial/catalog/book/271</a> |
| Texto de enlace |
Libro Digital - Evaluación arquitectónica del edificio ex Banco Popular (1968 - 2021) |
| 942 ## - ELEMENTOS DE PUNTO DE ACCESO ADICIONAL (KOHA) |
| Fuente del sistema de clasificación o colocación |
Clasificación Decimal Dewey |
| Tipo de ítem Koha |
Libro electrónico |
| 999 ## - NÚMEROS DE CONTROL DE SISTEMA (KOHA) |
| Koha biblionumber |
14478 |